| 000 | 00723nam a2200253Ia 4500 | ||
|---|---|---|---|
| 003 | OSt | ||
| 005 | 20220918173743.0 | ||
| 006 | a|||||r|||| 00| 0 | ||
| 007 | ta | ||
| 008 | 220917b |||||||| |||| 00| 0 eng d | ||
| 024 | _a8,226 | ||
| 037 | _cTextual | ||
| 040 |
_aARTS _cARTS _beng |
||
| 041 |
_2eng _aeng |
||
| 082 | _a234:8, N3 (2D) | ||
| 100 |
_aHayes Robert M. _944177 |
||
| 245 | 0 |
_aStrategic management for academic libraries _b a handbook |
|
| 260 |
_aLondon _bGreenwood Press _c1983 |
||
| 300 |
_axvi,218p _ccm. |
||
| 490 | _aGreenwood library management collection | ||
| 650 | _aLIBRARY SCIENCE | ||
| 942 |
_h234:8, N3 (2D) _cTEXL _2CC |
||
| 999 |
_c150016 _d150016 |
||